[Event "36. Copenhagen Open (Politiken Cup)"]
[Site "Elsinore"]
[Date "2014.07.22"]
[Round "3"]
[White "Krantz, Christopher"]
[Black "Houska, Jovanka"]
[Result "0-1"]
[WhiteElo "2219"]
[BlackElo "2409"]
[PlyCount "142"]
[EventDate "2014.07.21"]
[EventType "swiss"]
[EventRounds "10"]
[EventCountry "DEN"]
[Source "ChessBase"]
[SourceDate "2014.08.29"]

1. d4 d5 2. c4 e6 3. Nc3 Be7 4. cxd5 exd5 5. Bf4 c6 6. Qc2 Nf6 7. e3 Bd6 8.
Bxd6 Qxd6 9. Bd3 Bg4 10. f3 Bh5 11. Nge2 Bg6 12. O-O Nbd7 13. Rad1 Rd8 14. Rfe1
O-O 15. Ng3 Rfe8 16. Kh1 Nf8 17. Bxg6 hxg6 18. Qd2 Ne6 19. f4 Qd7 20. Rf1 Nf8
21. f5 Ng4 22. Rde1 Qe7 23. Rf3 Qh4 24. h3 g5 25. Kg1 Nf6 26. Qf2 N8d7 27. Nf1
Qh5 28. g4 Qh6 29. Nd2 Nb6 30. Qg3 Nc8 31. Kg2 Nd6 32. Rf2 b5 33. b4 a5 34. a3
axb4 35. axb4 Re7 36. Ra1 Nc4 37. Nxc4 dxc4 38. Ra6 Rde8 39. Re2 Ne4 40. Nxe4
Rxe4 41. d5 Qf6 42. Rxc6 Qc3 43. Kf2 Qd3 44. Qf3 Qxd5 45. Rc5 Qd7 46. f6 R8e5
47. fxg7 Kxg7 48. Ra2 Qe7 49. Rxe5 Rxe5 50. Ra6 Re6 51. Rxe6 Qxe6 52. Qd1 Qe5
53. Kf3 Kg6 54. Qc2+ Kf6 55. Qh7 Ke7 56. Qg8 Qd5+ 57. e4 Qd3+ 58. Kf2 Qd2+ 59.
Kf1 Qf4+ 60. Kg1 Qg3+ 61. Kf1 Qxh3+ 62. Kf2 Qh2+ 63. Ke3 Qg1+ 64. Kf3 Qf1+ 65.
Ke3 Qd3+ 66. Kf2 Qd2+ 67. Kg3 Qf4+ 68. Kh3 Qf3+ 69. Kh2 Qxg4 70. Qa8 Qd7 71.
Qh8 Qd2+ 0-1

[Event "36. Copenhagen Open (Politiken Cup)"]
[Site "Elsinore"]
[Date "2014.07.22"]
[Round "3"]
[White "Kristensen, Bjarke Hautop"]
[Black "Sorensen, Bernhard W"]
[Result "1/2-1/2"]
[WhiteElo "1952"]
[BlackElo "1628"]
[PlyCount "127"]
[EventDate "2014.07.21"]
[EventType "swiss"]
[EventRounds "10"]
[EventCountry "DEN"]
[Source "ChessBase"]
[SourceDate "2014.08.29"]

1. c4 e6 2. g3 f5 3. Bg2 Nf6 4. Nf3 d5 5. O-O c6 6. b3 Bd6 7. Bb2 O-O 8. d3
Nbd7 9. Nbd2 Ng4 10. e4 Nge5 11. Qe2 fxe4 12. dxe4 Qf6 13. Nxe5 Bxe5 14. Bxe5
Nxe5 15. f4 Ng6 16. exd5 exd5 17. cxd5 Rd8 18. Rad1 cxd5 19. Nf3 Ne7 20. Rfe1
Kf8 21. Ng5 Bf5 22. Bh3 h6 23. Ne6+ Bxe6 24. Bxe6 Rd6 25. Kh1 d4 26. g4 Re8 27.
Bc4 Rdd8 28. Qb2 Nc6 29. Qa3+ Qd6 30. Rxe8+ Kxe8 31. Qxd6 Rxd6 32. Kg2 Nb4 33.
Rd2 Nc6 34. Kf3 Rd7 35. Ke4 Re7+ 36. Kf5 Kf8 37. Bd5 Rd7 38. Bxc6 bxc6 39. Ke4
c5 40. Rc2 Rc7 41. Rc4 Re7+ 42. Kd3 Re3+ 43. Kd2 Rh3 44. Rxc5 Rxh2+ 45. Kd3
Rxa2 46. Kxd4 a5 47. Ke5 Re2+ 48. Kf5 Re3 49. Rxa5 Rxb3 50. Ra8+ Kf7 51. Ra7+
Kf8 52. Kg6 Rb6+ 53. Kh7 g5 54. f5 Rf6 55. Rb7 h5 56. gxh5 Rf7+ 57. Kg6 Rxb7
58. Kxg5 Rg7+ 59. Kf6 Kg8 60. h6 Rg2 61. Ke7 Kh7 62. f6 Re2+ 63. Kf8 Kxh6 64.
f7 1/2-1/2

[Event "36. Copenhagen Open (Politiken Cup)"]
[Site "Elsinore"]
[Date "2014.07.22"]
[Round "3"]
[White "Larsen, Preben R"]
[Black "Franzen, Per Erik"]
[Result "0-1"]
[WhiteElo "1833"]
[BlackElo "2050"]
[PlyCount "100"]
[EventDate "2014.07.21"]
[EventType "swiss"]
[EventRounds "10"]
[EventCountry "DEN"]
[Source "ChessBase"]
[SourceDate "2014.08.29"]

1. c4 e5 2. Nc3 Nf6 3. Nf3 Nc6 4. d4 e4 5. Ng5 Bb4 6. d5 Bxc3+ 7. bxc3 Na5 8.
Qd4 O-O 9. Nxe4 Nxe4 10. Qxe4 Qf6 11. Bd2 b6 12. e3 Ba6 13. Be2 c5 14. O-O Rfe8
15. Qg4 d6 16. Bd3 Bc8 17. Qe2 Bd7 18. e4 Qe7 19. Rfe1 f5 20. f3 Qf6 21. Qf1 f4
22. Re2 Re5 23. g4 Rf8 24. Rg2 h5 25. h3 Kf7 26. Qf2 Rh8 27. Kf1 hxg4 28. hxg4
g5 29. Rh2 Ree8 30. Ke2 Rxh2 31. Qxh2 Rh8 32. Qg2 Qh6 33. Rf1 Nb7 34. Kd1 Nd8
35. Kc2 Ke7 36. Kd1 Nf7 37. Rf2 Ne5 38. Be2 Ba4+ 39. Kc1 Qh1+ 40. Kb2 Bd1 41.
Bxd1 Qxd1 42. Qf1 Qxf1 43. Rxf1 Rh3 44. Kc2 Nxf3 45. Bc1 Ne5 46. Bxf4 gxf4 47.
Rxf4 Rh4 48. Kb3 Rxg4 49. Rf1 Rxe4 50. Rh1 Rf4 0-1

[Event "36. Copenhagen Open (Politiken Cup)"]
[Site "Elsinore"]
[Date "2014.07.22"]
[Round "3"]
[White "Laustsen, Lars"]
[Black "Lindblom, Roar"]
[Result "1/2-1/2"]
[WhiteElo "2115"]
[BlackElo "1865"]
[PlyCount "62"]
[EventDate "2014.07.21"]
[EventType "swiss"]
[EventRounds "10"]
[EventCountry "DEN"]
[Source "ChessBase"]
[SourceDate "2014.08.29"]

1. d4 d5 2. c4 c6 3. Nf3 Nf6 4. e3 Bf5 5. Nc3 e6 6. Nh4 Bg4 7. Qb3 Qb6 8. h3
Bh5 9. g4 Bg6 10. Nxg6 hxg6 11. g5 Nfd7 12. Bd2 Be7 13. f4 Na6 14. c5 Qxb3 15.
axb3 Nc7 16. b4 b5 17. Bd3 Nf8 18. Kf2 f6 19. h4 e5 20. dxe5 fxe5 21. e4 d4 22.
Nd5 Kd8 23. Nb6 axb6 24. cxb6 Rb8 25. bxc7+ Kxc7 26. Kg3 Nd7 27. Rhc1 Bd6 28.
Ra7+ Rb7 29. Bxb5 exf4+ 30. Kh3 Ne5 31. Be2 f3 1/2-1/2

[Event "36. Copenhagen Open (Politiken Cup)"]
[Site "Elsinore"]
[Date "2014.07.22"]
[Round "3"]
[White "Le Roux, Jean Pierre"]
[Black "Fossan, Petter"]
[Result "1-0"]
[WhiteElo "2560"]
[BlackElo "2257"]
[PlyCount "69"]
[EventDate "2014.07.21"]
[EventType "swiss"]
[EventRounds "10"]
[EventCountry "DEN"]
[Source "ChessBase"]
[SourceDate "2014.08.29"]

1. d4 Nf6 2. Nf3 c5 3. d5 b5 4. Bg5 d6 5. Bxf6 exf6 6. e4 a6 7. a4 b4 8. c3 g6
9. a5 Bg7 10. Bd3 O-O 11. O-O Ra7 12. Nbd2 bxc3 13. bxc3 f5 14. exf5 Bxc3 15.
Rb1 Bb4 16. Nc4 Qf6 17. Qc1 Bd7 18. Ng5 Bxf5 19. Bxf5 Qxf5 20. Rd1 Nd7 21. Rb3
h6 22. Nf3 g5 23. Nxd6 Qg6 24. Nc4 Re8 25. Re3 Raa8 26. h4 Rxe3 27. Qxe3 gxh4
28. Nxh4 Qg5 29. Qh3 Rd8 30. Nf5 Kh7 31. d6 Re8 32. Nxh6 Qxh6 33. Qxd7 Rg8 34.
Qf5+ Kh8 35. Ne5 1-0

[Event "36. Copenhagen Open (Politiken Cup)"]
[Site "Elsinore"]
[Date "2014.07.22"]
[Round "3"]
[White "Liedbeck, Patrik"]
[Black "Eckhardt, Lars H"]
[Result "1/2-1/2"]
[WhiteElo "1858"]
[BlackElo "2072"]
[PlyCount "57"]
[EventDate "2014.07.21"]
[EventType "swiss"]
[EventRounds "10"]
[EventCountry "DEN"]
[Source "ChessBase"]
[SourceDate "2014.08.29"]

1. e4 c5 2. Nf3 Nc6 3. d4 cxd4 4. Nxd4 Nf6 5. Nc3 e5 6. Ndb5 d6 7. Bg5 a6 8.
Na3 b5 9. Nd5 Qa5+ 10. Bd2 Qd8 11. Bg5 Be7 12. Bxf6 Bxf6 13. c4 Bg5 14. cxb5
Qa5+ 15. Nc3 Nd4 16. Bd3 O-O 17. bxa6 Bxa6 18. O-O Rab8 19. Bxa6 Qxa6 20. Rb1
f5 21. Nc2 Nxc2 22. Qxc2 fxe4 23. Qxe4 Kh8 24. Qd5 Rb4 25. Rfd1 Qb6 26. Ne4 Be3
27. Qxd6 Bxf2+ 28. Kh1 Qxd6 29. Nxd6 1/2-1/2

[Event "36. Copenhagen Open (Politiken Cup)"]
[Site "Elsinore"]
[Date "2014.07.22"]
[Round "3"]
[White "Lofgren, Claes"]
[Black "Moe, Mogens"]
[Result "1/2-1/2"]
[WhiteElo "2109"]
[BlackElo "2274"]
[PlyCount "57"]
[EventDate "2014.07.21"]
[EventType "swiss"]
[EventRounds "10"]
[EventCountry "DEN"]
[Source "ChessBase"]
[SourceDate "2014.08.29"]

1. d4 Nf6 2. c4 g6 3. g3 Bg7 4. Bg2 d5 5. cxd5 Nxd5 6. Nc3 Nb6 7. e3 O-O 8.
Nge2 Na6 9. O-O c5 10. d5 Nc4 11. b3 Nd6 12. Bb2 b5 13. a3 Qa5 14. Qd2 Bg4 15.
f3 Bd7 16. e4 Qb6 17. Kh1 e5 18. dxe6 Bxe6 19. Nf4 Nc7 20. Nxe6 fxe6 21. Rad1
Rad8 22. Ne2 Nf7 23. Qc1 e5 24. Rxd8 Rxd8 25. Rd1 Rxd1+ 26. Qxd1 Qc6 27. Nc3 a5
28. Bh3 Kf8 29. Qd7 1/2-1/2

[Event "36. Copenhagen Open (Politiken Cup)"]
[Site "Elsinore"]
[Date "2014.07.22"]
[Round "3"]
[White "Louis, Thibault"]
[Black "Ly, Moulthun"]
[Result "0-1"]
[WhiteElo "2249"]
[BlackElo "2466"]
[PlyCount "60"]
[EventDate "2014.07.21"]
[EventType "swiss"]
[EventRounds "10"]
[EventCountry "DEN"]
[Source "ChessBase"]
[SourceDate "2014.08.29"]

1. e4 c5 2. Nc3 e6 3. Nf3 Nc6 4. d4 cxd4 5. Nxd4 Qc7 6. Be3 a6 7. Qd2 Nf6 8. f4
b5 9. e5 b4 10. Ncb5 axb5 11. Nxb5 Qb8 12. exf6 gxf6 13. Bd3 Ra5 14. Nd4 Nxd4
15. Bxd4 Be7 16. O-O Bb7 17. Be2 Qa8 18. Bf3 Bxf3 19. Rxf3 Rxa2 20. Rxa2 Qxa2
21. Qd3 Qd5 22. c4 Qc6 23. Kf1 Rg8 24. b3 f5 25. Rg3 Rg6 26. Ke2 Rxg3 27. Qxg3
Qe4+ 28. Be3 Bc5 29. Qg8+ Ke7 30. Qg5+ Kd6 0-1

[Event "36. Copenhagen Open (Politiken Cup)"]
[Site "Elsinore"]
[Date "2014.07.22"]
[Round "3"]
[White "Lunde, Sigmund"]
[Black "Yilmaz, Kazim"]
[Result "1-0"]
[WhiteElo "1879"]
[BlackElo "1637"]
[PlyCount "71"]
[EventDate "2014.07.21"]
[EventType "swiss"]
[EventRounds "10"]
[EventCountry "DEN"]
[Source "ChessBase"]
[SourceDate "2014.08.29"]

1. e4 e5 2. Nf3 Nc6 3. Bc4 Bc5 4. c3 d6 5. O-O Nf6 6. b4 Bb6 7. d3 O-O 8. h3 h6
9. a4 a6 10. Qb3 Qe7 11. Na3 Be6 12. Re1 Bxc4 13. Nxc4 Rad8 14. Nxb6 cxb6 15.
b5 Na5 16. Qb4 Qc7 17. Be3 Nd7 18. Rab1 Nc5 19. Red1 d5 20. Nxe5 Qxe5 21. d4
Qxe4 22. dxc5 Nc4 23. cxb6 Nxe3 24. Qxe4 dxe4 25. Rxd8 Rxd8 26. fxe3 a5 27. c4
Rc8 28. Rc1 Rc5 29. Kf2 f5 30. Ke2 Kf7 31. Kd2 Ke6 32. Kc3 Ke5 33. Rd1 g5 34.
Rd7 f4 35. Rxb7 fxe3 36. Rc7 1-0

[Event "36. Copenhagen Open (Politiken Cup)"]
[Site "Elsinore"]
[Date "2014.07.22"]
[Round "3"]
[White "Markussen, Benno Orvad"]
[Black "Loveid, Erik"]
[Result "1/2-1/2"]
[WhiteElo "1732"]
[BlackElo "1490"]
[PlyCount "28"]
[EventDate "2014.07.21"]
[EventType "swiss"]
[EventRounds "10"]
[EventCountry "DEN"]
[Source "ChessBase"]
[SourceDate "2014.08.29"]

1. c4 e6 2. Nf3 d5 3. e3 Nf6 4. Nc3 c6 5. d4 Be7 6. Be2 O-O 7. O-O Nbd7 8. Qc2
Re8 9. e4 dxe4 10. Nxe4 Nxe4 11. Qxe4 Nf6 12. Qc2 h6 13. Rd1 Qc7 14. g3 b6
1/2-1/2

[Event "36. Copenhagen Open (Politiken Cup)"]
[Site "Elsinore"]
[Date "2014.07.22"]
[Round "3"]
[White "Matlakov, Maxim"]
[Black "Aabling Thomsen, Jakob"]
[Result "1-0"]
[WhiteElo "2685"]
[BlackElo "2333"]
[PlyCount "115"]
[EventDate "2014.07.21"]
[EventType "swiss"]
[EventRounds "10"]
[EventCountry "DEN"]
[Source "ChessBase"]
[SourceDate "2014.08.29"]

1. Nf3 Nf6 2. c4 g6 3. g3 c5 4. Nc3 Nc6 5. d4 cxd4 6. Nxd4 Bg7 7. Bg2 O-O 8.
O-O Nxd4 9. Qxd4 d6 10. Qd3 Qa5 11. Bd2 Qh5 12. b3 g5 13. f3 Be6 14. Rac1 Rfc8
15. Be3 a6 16. a4 Rd8 17. Bb6 Rdc8 18. Bf2 Rab8 19. Rfd1 Rd8 20. Bb6 Rdc8 21.
Ba7 Ra8 22. Bf2 Rd8 23. e4 Qg6 24. a5 Rac8 25. Qe2 Nd7 26. Nd5 Bxd5 27. exd5
Re8 28. Bh3 Rcd8 29. b4 h5 30. c5 dxc5 31. bxc5 Ne5 32. Bg2 Rd7 33. Kh1 Red8
34. f4 gxf4 35. gxf4 Ng4 36. Bg1 Qf6 37. Qf3 Bh6 38. Rc4 Qf5 39. Rcd4 Bg7 40.
R4d3 Bh6 41. d6 exd6 42. Rxd6 Rxd6 43. Rxd6 Re8 44. Rd5 Qxf4 45. Qxf4 Bxf4 46.
Rf5 Bc7 47. Rxh5 Nf6 48. Rg5+ Kh7 49. Bxb7 Bxa5 50. Bxa6 Re1 51. Kg2 Bc7 52.
Bd4 Kh6 53. Rf5 Nh5 54. Rxf7 Re6 55. Rxc7 Rxa6 56. Kf3 Kg5 57. Ke4 Re6+ 58. Be5
1-0

[Event "36. Copenhagen Open (Politiken Cup)"]
[Site "Elsinore"]
[Date "2014.07.22"]
[Round "3"]
[White "Matthiesen, Martin"]
[Black "Romanov, Evgeny"]
[Result "0-1"]
[WhiteElo "2316"]
[BlackElo "2643"]
[PlyCount "50"]
[EventDate "2014.07.21"]
[EventType "swiss"]
[EventRounds "10"]
[EventCountry "DEN"]
[Source "ChessBase"]
[SourceDate "2014.08.29"]

1. d4 d5 2. c4 dxc4 3. Nf3 Nf6 4. e3 b5 5. a4 b4 6. Bxc4 e6 7. O-O Be7 8. Qe2
O-O 9. Nbd2 Nbd7 10. b3 c5 11. Bb2 a6 12. Rac1 Bb7 13. Rfd1 cxd4 14. Nxd4 Nc5
15. N4f3 Qa5 16. Ne5 Rac8 17. f3 Nd5 18. Nb1 Bf6 19. Bxd5 Bxd5 20. Rxc5 Rxc5
21. Nd7 Bxb3 22. Bxf6 Bxd1 23. Qxd1 Rd5 24. Qe1 Rxd7 25. Qg3 g6 0-1

[Event "36. Copenhagen Open (Politiken Cup)"]
[Site "Elsinore"]
[Date "2014.07.22"]
[Round "3"]
[White "Mehringer, Joerg"]
[Black "Lauritsen, Martin Lee"]
[Result "1/2-1/2"]
[WhiteElo "1939"]
[BlackElo "2143"]
[PlyCount "96"]
[EventDate "2014.07.21"]
[EventType "swiss"]
[EventRounds "10"]
[EventCountry "DEN"]
[Source "ChessBase"]
[SourceDate "2014.08.29"]

1. e4 c5 2. g3 Nc6 3. Bg2 g6 4. Ne2 Bg7 5. O-O e6 6. c3 Nge7 7. d4 cxd4 8. cxd4
d5 9. e5 h5 10. Nbc3 a6 11. Bg5 b5 12. Qd2 Qb6 13. Rfd1 Nf5 14. Rac1 Bd7 15. h3
Na5 16. b3 b4 17. Na4 Bxa4 18. bxa4 Rb8 19. g4 hxg4 20. hxg4 Ne7 21. Nf4 Nec6
22. Bf1 Kf8 23. Qd3 Nc4 24. Qf3 N4xe5 25. dxe5 Nxe5 26. Qg2 f6 27. Nxd5 exd5
28. Be3 Qe6 29. Qxd5 Qxd5 30. Rxd5 Rh4 31. Bxa6 Rxg4+ 32. Kf1 Rh4 33. Ke2 Bh6
34. Bxh6+ Rxh6 35. Rc8+ Rxc8 36. Bxc8 Rh1 37. a5 Rc1 38. Bb7 Rc2+ 39. Rd2 Rxd2+
40. Kxd2 Nc4+ 41. Kd3 Nxa5 42. Bd5 Ke7 43. Kd4 Kd6 44. f4 g5 45. fxg5 fxg5 46.
Bg2 g4 47. Be4 g3 48. Bg2 b3 1/2-1/2

[Event "36. Copenhagen Open (Politiken Cup)"]
[Site "Elsinore"]
[Date "2014.07.22"]
[Round "3"]
[White "Meier, Georg"]
[Black "Levushkina, Elena"]
[Result "1/2-1/2"]
[WhiteElo "2632"]
[BlackElo "2310"]
[PlyCount "90"]
[EventDate "2014.07.21"]
[EventType "swiss"]
[EventRounds "10"]
[EventCountry "DEN"]
[Source "ChessBase"]
[SourceDate "2014.08.29"]

1. Nf3 d5 2. g3 Bg4 3. Bg2 c6 4. c4 e6 5. O-O Nf6 6. d3 Bd6 7. h3 Bxf3 8. Bxf3
Nbd7 9. Bg2 O-O 10. e3 e5 11. cxd5 Nxd5 12. Nc3 Nc7 13. Rb1 Qe7 14. Qc2 Rfd8
15. Rd1 Ne6 16. Bd2 Nb6 17. Ne4 Nd5 18. Nxd6 Qxd6 19. b4 Rac8 20. a4 a6 21. Be1
f5 22. h4 Rf8 23. Bh3 f4 24. Qe2 fxe3 25. fxe3 Rf6 26. b5 axb5 27. axb5 c5 28.
b6 Rcf8 29. Bg2 Nxb6 30. Qg4 Rg6 31. Qe4 Nd8 32. h5 Rh6 33. g4 Nd7 34. Bg3 Qe6
35. Qc4 Kh8 36. Bxb7 Nxb7 37. Rxb7 Qc6 38. Qe4 Qe6 39. Rdb1 Rhf6 40. Ra7 R6f7
41. Rbb7 Qf6 42. Qf5 Qc6 43. Qe4 Qf6 44. Qf5 Qc6 45. Qe4 Qf6 1/2-1/2

[Event "36. Copenhagen Open (Politiken Cup)"]
[Site "Elsinore"]
[Date "2014.07.22"]
[Round "3"]
[White "Merkesvik, Amalie Isabel"]
[Black "Akkanen, Timo"]
[Result "1/2-1/2"]
[WhiteElo "1497"]
[BlackElo "1771"]
[PlyCount "60"]
[EventDate "2014.07.21"]
[EventType "swiss"]
[EventRounds "10"]
[EventCountry "DEN"]
[Source "ChessBase"]
[SourceDate "2014.08.29"]

1. e4 c5 2. Nf3 g6 3. d4 Bg7 4. Be3 Nc6 5. Nc3 cxd4 6. Nxd4 Nf6 7. Bd3 d5 8.
exd5 Nxd5 9. Nxd5 Qxd5 10. Nxc6 bxc6 11. f3 Bxb2 12. Be4 Qe6 13. Rb1 Bc3+ 14.
Kf2 O-O 15. h4 f5 16. Bd3 f4 17. Bd2 Bd4+ 18. Kf1 Qxa2 19. Rb4 Qa1 20. Qxa1
Bxa1 21. Bxf4 e5 22. Bh6 Re8 23. h5 Bf5 24. Bc4+ Be6 25. hxg6 hxg6 26. Bd3 Bf5
27. Bxf5 gxf5 28. Rb7 e4 29. Rh5 Rad8 30. Rg5+ Kh8 1/2-1/2

[Event "36. Copenhagen Open (Politiken Cup)"]
[Site "Elsinore"]
[Date "2014.07.22"]
[Round "3"]
[White "Meurman, Arne"]
[Black "Madison, Sigurd"]
[Result "1-0"]
[WhiteElo "2062"]
[BlackElo "1792"]
[PlyCount "65"]
[EventDate "2014.07.21"]
[EventType "swiss"]
[EventRounds "10"]
[EventCountry "DEN"]
[Source "ChessBase"]
[SourceDate "2014.08.29"]

1. e4 e5 2. Nf3 Nc6 3. Bb5 a6 4. Ba4 Nf6 5. Qe2 d6 6. O-O Bg4 7. h3 Bh5 8. c3
b5 9. Bb3 Be7 10. Re1 O-O 11. d3 Na5 12. Bc2 c5 13. Nbd2 Nc6 14. Nf1 Ne8 15. g4
Bg6 16. Ng3 Qd7 17. Kh2 Nc7 18. Nf5 Bxf5 19. gxf5 g6 20. Bh6 Rfe8 21. Rg1 Bf8
22. Qe3 Kh8 23. Bxf8 Rxf8 24. Qh6 Qe7 25. Nh4 Kg8 26. Bb3 d5 27. exd5 Na5 28.
d6 Qxd6 29. Nxg6 hxg6 30. Rxg6+ Qxg6 31. Qxg6+ Kh8 32. Qh6+ Kg8 33. Rg1# 1-0

[Event "36. Copenhagen Open (Politiken Cup)"]
[Site "Elsinore"]
[Date "2014.07.22"]
[Round "3"]
[White "Moller, Arne"]
[Black "Hinrichs, Jan"]
[Result "0-1"]
[WhiteElo "1886"]
[BlackElo "2124"]
[PlyCount "95"]
[EventDate "2014.07.21"]
[EventType "swiss"]
[EventRounds "10"]
[EventCountry "DEN"]
[Source "ChessBase"]
[SourceDate "2014.08.29"]

1. e4 c5 2. Nf3 d6 3. d4 cxd4 4. Nxd4 Nf6 5. Nc3 a6 6. Be2 e6 7. O-O Be7 8. a4
Nc6 9. Be3 O-O 10. f4 Qc7 11. Bf3 Na5 12. Nce2 Nc4 13. Bc1 e5 14. Nb3 Bg4 15.
Nc3 h5 16. h3 Qb6+ 17. Kh1 Bxf3 18. Qxf3 g6 19. f5 Kg7 20. Nd5 Nxd5 21. exd5
Bf6 22. Qe4 Rac8 23. Rf3 h4 24. Rc3 Qf2 25. Rf3 Qb6 26. Qg4 e4 27. Rf1 e3 28.
fxg6 fxg6 29. Qd7+ Kh6 30. Rxf6 Rxf6 31. Qxc8 Qb4 32. Bxe3+ Nxe3 33. Qh8+ Kg5
34. Qd8 Qe4 35. Rg1 Qxd5 36. Qe7 Nf5 37. Qe1 Ng3+ 38. Kh2 Re6 39. Qd2+ Qxd2 40.
Nxd2 Re2 41. Nf3+ Kh5 42. Rc1 Nf5 43. b4 Ng3 44. Ne1 d5 45. Kg1 d4 46. c4 dxc3
47. Rxc3 Rxe1+ 48. Kf2 0-1

[Event "36. Copenhagen Open (Politiken Cup)"]
[Site "Elsinore"]
[Date "2014.07.22"]
[Round "3"]
[White "Morling, Aase"]
[Black "Hojgaard, Brandur"]
[Result "0-1"]
[WhiteElo "1531"]
[BlackElo "1779"]
[PlyCount "120"]
[EventDate "2014.07.21"]
[EventType "swiss"]
[EventRounds "10"]
[EventCountry "DEN"]
[Source "ChessBase"]
[SourceDate "2014.08.29"]

1. e4 c5 2. c3 d5 3. exd5 Qxd5 4. d4 e6 5. Nf3 Nc6 6. Be2 Nf6 7. O-O cxd4 8.
cxd4 a6 9. Nc3 Qd8 10. Re1 Be7 11. a3 b5 12. b4 O-O 13. Be3 Bb7 14. Ne5 Rc8 15.
Nxc6 Bxc6 16. Rc1 Bd6 17. Bf3 Bb8 18. Bxc6 Rxc6 19. g3 Qd7 20. Ne2 Rfc8 21.
Rxc6 Rxc6 22. Qb1 Nd5 23. Rc1 h5 24. Rxc6 Qxc6 25. Qc1 Qd7 26. h4 Ba7 27. Nc3
Nxc3 28. Qxc3 g6 29. Kf1 Bb6 30. Qd3 Qd5 31. Ke2 Qa2+ 32. Kf3 Kg7 33. Qc3 Qd5+
34. Ke2 f6 35. Qd3 Kf7 36. Qc3 Qd7 37. Kf3 Qc7 38. Qxc7+ Bxc7 39. Ke4 Ke7 40.
Bf4 Bxf4 41. Kxf4 Kd6 42. Ke3 Kd5 43. Kd3 g5 44. f3 e5 45. dxe5 Kxe5 46. Ke3
gxh4 47. gxh4 Kf5 48. Kf2 Kf4 49. Kg2 Ke3 50. Kg3 f5 51. f4 Kd3 52. Kf3 Kd4 53.
Kf2 Ke4 54. Kg3 Ke3 55. Kg2 Kxf4 56. Kh3 Kf3 57. Kh2 Kg4 58. Kg2 Kxh4 59. Kh2
f4 60. Kg2 Kg4 0-1

[Event "36. Copenhagen Open (Politiken Cup)"]
[Site "Elsinore"]
[Date "2014.07.22"]
[Round "3"]
[White "Mottonen, Ari"]
[Black "Seegers, Hendrik"]
[Result "0-1"]
[WhiteElo "2000"]
[BlackElo "2196"]
[PlyCount "68"]
[EventDate "2014.07.21"]
[EventType "swiss"]
[EventRounds "10"]
[EventCountry "DEN"]
[Source "ChessBase"]
[SourceDate "2014.08.29"]

1. Nf3 d5 2. g3 Nf6 3. Bg2 c6 4. O-O Bg4 5. c4 e6 6. Qc2 Be7 7. d3 O-O 8. b3
Nbd7 9. Bb2 Qc7 10. Nbd2 Rfd8 11. cxd5 Nxd5 12. a3 Bf6 13. d4 Rac8 14. e4 N5b6
15. Rac1 Qb8 16. b4 e5 17. Nb3 Bxf3 18. Bxf3 exd4 19. Bg4 d3 20. Qd2 Rc7 21. f4
Bxb2 22. Qxb2 Nf6 23. Bf3 Na4 24. Qg2 Qc8 25. g4 c5 26. bxc5 Nxc5 27. Nd2 Ne6
28. Rce1 Nxf4 29. Qg3 g5 30. e5 Rc2 31. Rf2 Re8 32. h4 h6 33. hxg5 hxg5 34. Rh2
Qc5+ 0-1

[Event "36. Copenhagen Open (Politiken Cup)"]
[Site "Elsinore"]
[Date "2014.07.22"]
[Round "3"]
[White "Muschik, Benedikt"]
[Black "Moiseenko, Alexander"]
[Result "0-1"]
[WhiteElo "2353"]
[BlackElo "2707"]
[PlyCount "54"]
[EventDate "2014.07.21"]
[EventType "swiss"]
[EventRounds "10"]
[EventCountry "DEN"]
[Source "ChessBase"]
[SourceDate "2014.08.29"]

1. d4 Nf6 2. Bf4 c5 3. e3 Nd5 4. Bg3 Qb6 5. b3 cxd4 6. Qxd4 e6 7. Qxb6 axb6 8.
c3 Nc6 9. Ne2 Be7 10. e4 Nf6 11. Nd2 d5 12. f3 O-O 13. Bf2 b5 14. b4 dxe4 15.
Nxe4 Nxe4 16. fxe4 Rd8 17. Bb6 Rd3 18. a3 Bf6 19. Kf2 Nxb4 20. Bc5 Nc6 21. Rc1
Rd2 22. h4 Ne5 23. Ke1 Rb2 24. Nd4 Bd7 25. Be2 Rc8 26. Bb4 Ng6 27. Nf3 Nf4 0-1

[Event "36. Copenhagen Open (Politiken Cup)"]
[Site "Elsinore"]
[Date "2014.07.22"]
[Round "3"]
[White "Myhre, Mads Wollan"]
[Black "Rogers, Timothy"]
[Result "0-1"]
[WhiteElo "1509"]
[BlackElo "2011"]
[PlyCount "58"]
[EventDate "2014.07.21"]
[EventType "swiss"]
[EventRounds "10"]
[EventCountry "DEN"]
[Source "ChessBase"]
[SourceDate "2014.08.29"]

1. d4 d5 2. c4 e6 3. Nc3 Be7 4. Bf4 Nf6 5. e3 O-O 6. Qc2 Nbd7 7. Bd3 dxc4 8.
Bxc4 c5 9. Nf3 cxd4 10. Nxd4 e5 11. Bg3 exd4 12. exd4 Nb6 13. Ne2 Nxc4 14. Qxc4
Be6 15. Qc3 Ne4 16. Qd3 Bb4+ 17. Kf1 Bf5 18. Qb5 Qa5 19. Qxb7 Nd2+ 20. Kg1 Be4
21. Qd7 Rad8 22. Qg4 Qd5 23. Bf4 Bf5 24. Qg3 Bd6 25. Bxd6 Rxd6 26. Rd1 Rg6 27.
Qxg6 fxg6 28. Rxd2 Bg4 29. f3 Qg5 0-1

[Event "36. Copenhagen Open (Politiken Cup)"]
[Site "Elsinore"]
[Date "2014.07.22"]
[Round "3"]
[White "Negi, Parimarjan"]
[Black "Hobber, Anders"]
[Result "1-0"]
[WhiteElo "2645"]
[BlackElo "2315"]
[PlyCount "33"]
[EventDate "2014.07.21"]
[EventType "swiss"]
[EventRounds "10"]
[EventCountry "DEN"]
[Source "ChessBase"]
[SourceDate "2014.08.29"]

1. e4 e6 2. d4 d5 3. Nc3 Bb4 4. e5 c5 5. a3 Bxc3+ 6. bxc3 Ne7 7. Qg4 Kf8 8. Qd1
b6 9. Nf3 Qc7 10. a4 Ba6 11. Bxa6 Nxa6 12. O-O cxd4 13. cxd4 Rc8 14. Ba3 Ke8
15. c4 dxc4 16. Nd2 Nf5 17. Nxc4 1-0

[Event "36. Copenhagen Open (Politiken Cup)"]
[Site "Elsinore"]
[Date "2014.07.22"]
[Round "3"]
[White "Neu, Alexandre"]
[Black "Green, Per"]
[Result "0-1"]
[WhiteElo "1760"]
[BlackElo "1984"]
[PlyCount "167"]
[EventDate "2014.07.21"]
[EventType "swiss"]
[EventRounds "10"]
[EventCountry "DEN"]
[Source "ChessBase"]
[SourceDate "2014.08.29"]

1. e4 e6 2. d4 d5 3. Nc3 Bb4 4. e5 c5 5. a3 Bxc3+ 6. bxc3 Qa5 7. Bd2 Qa4 8. Qg4
Kf8 9. Qd1 b6 10. Nf3 Ba6 11. Bxa6 Nxa6 12. O-O Rc8 13. Ng5 h6 14. Nh3 Ne7 15.
Be3 Nf5 16. Kh1 cxd4 17. cxd4 Rc4 18. c3 Qxd1 19. Rfxd1 Nxe3 20. fxe3 Rxc3 21.
Rac1 Rxc1 22. Rxc1 Ke7 23. Nf2 Kd7 24. Kg1 Rc8 25. Rxc8 Kxc8 26. Nd3 Kd7 27.
Kf1 Kc6 28. Ke1 Kb5 29. Nb2 Nb8 30. Kd2 Nc6 31. Kc3 Na5 32. a4+ Kc6 33. Kb4 a6
34. g4 Kd7 35. h4 Kc7 36. g5 hxg5 37. hxg5 g6 38. Kc3 b5 39. axb5 axb5 40. Kb4
Kb6 41. Nd1 Nc6+ 42. Kb3 Ka5 43. Nb2 Nb4 44. Nd1 Nd3 45. Nc3 Ne1 46. e4 Nf3 47.
exd5 Nxd4+ 48. Kb2 exd5 49. Nxd5 Nf3 50. e6 fxe6 51. Nf4 Nxg5 52. Nxg6 Nf3 53.
Nf4 e5 54. Nd5 Nd2 55. Kc3 Nc4 56. Kd3 Nd6 57. Kc3 Ne4+ 58. Kd3 Nc5+ 59. Kc3
Ne6 60. Kb3 Nf4 61. Nc3 b4 62. Ne4 Kb5 63. Nd6+ Kc5 64. Ne4+ Kd4 65. Nd6 Nd3
66. Nf5+ Ke4 67. Nd6+ Kd5 68. Nf5 e4 69. Ne3+ Kc5 70. Nc2 Nc1+ 71. Kb2 Ne2 72.
Ne3 Nd4 73. Ng4 Nf5 74. Kc2 Kc4 75. Ne5+ Kb5 76. Ng4 Ka4 77. Ne5 b3+ 78. Kb2
Ne3 79. Nc6 Nc4+ 80. Kb1 Ka3 81. Nd4 Nd2+ 82. Kc1 b2+ 83. Kxd2 b1=Q 84. Nc2+
0-1